000 00560nam a2200193 4500
003 OSt
005 20240727031920.0
006 a
008 240727b |||||||| |||| 00| 0 eng d
020 _a0763704334
040 _aDWCL-HMN Lib.
_cOC
082 _2Circ. 616.833 L717o 2003
100 _aLieberman, Abraham
245 _a100 questions & answers about parkinson's disease /
260 _aSudbury, Mass. :
_bJones & Bartlett Pub. ,
_cc2003.
300 _axiv,
_b238 p. : ill. ;
_c23 cm.
504 _aIncludes index.
942 _2ddc
_n0
_cBK-CIRC
_kCirc.
999 _c2864
_d2864